000 00341nam a22001217a 4500
999 _c9724
_d9724
003 OSt
008 201203b ||||| |||| 00| 0 eng d
245 _aPramana Journal Of Physics
250 _a2011(Oct Vol.77 No.4, Nov Vol.77 No.5, Dec Vol.77 No.6)
260 _aBengaluru, Karnataka
_bSpringer
650 _aApplied Science
942 _2ddc
_cBV